| 000 | 00407nam a2200193Ia 4500 | ||
|---|---|---|---|
| 001 | 12589 | ||
| 003 | GE_BSU | ||
| 008 | 181216s||||||||xx |||||||||||||| ||und|| | ||
| 040 | _cGE_BSU | ||
| 080 | _a821.111-32 | ||
| 100 | _aGower,Iris | ||
| 245 | 4 | _aThe Wild Seed | |
| 260 | _aGreat Britain | ||
| 260 | _bCorgi books | ||
| 260 | _c1997 | ||
| 300 | _a444p.18cm. | ||
| 653 | _aThe Wild Seed | ||
| 942 | _cBK | ||
| 999 |
_c45762 _d45762 |
||